Minerals planning for the United Kingdom (Record no. 27587)

MARC details
000 -LEADER
fixed length control field 01147cab a2200241 4500
001 - CONTROL NUMBER
control field ABS43713
008 - FIXED-LENGTH DATA ELEMENTS--GENERAL INFORMATION
fixed length control field 090401t1990 xxu||||| |||| 00| 0 eng d
035 ## - SYSTEM CONTROL NUMBER
System control number (Sirsi) u43147
041 ## - LANGUAGE CODE
Language code of text/sound track or separate title eng
245 ## - TITLE STATEMENT
Title Minerals planning for the United Kingdom
260 ## - PUBLICATION, DISTRIBUTION, ETC.
Date of publication, distribution, etc. 1990
350 ## - PRICE (NR) (BK AM CF MU VM SE) [OBSOLETE]
Price 0
490 ## - SERIES STATEMENT
Series statement Minerals Industry International
Volume/sequential designation (996) September 1990, 16-23(8)
520 ## - SUMMARY, ETC.
Summary, etc. A recent joint seminar between the Institution of Mining and Metallurgy and Royal Institution of Chartered Surveyors at St Ives, 4 May 1990 on UK planning procedures for minerals extraction includes contributions representing the views of different aspects of the industry. These include G.C. Griffin putting the planner `s point of view, P.A. Vincent representing the producers point of view; M.G.Oldridge the quarry`s views and W.M. Whetter `s long-term view of the industry. Dr S R Dennison sums up the general situation in this keynote speech .
650 ## - SUBJECT ADDED ENTRY--TOPICAL TERM
Topical term or geographic name entry element AGGREGATES
650 ## - SUBJECT ADDED ENTRY--TOPICAL TERM
Topical term or geographic name entry element BARDON HILL QUARRIES
650 ## - SUBJECT ADDED ENTRY--TOPICAL TERM
Topical term or geographic name entry element DEMAND
650 ## - SUBJECT ADDED ENTRY--TOPICAL TERM
Topical term or geographic name entry element FORECASTS
650 ## - SUBJECT ADDED ENTRY--TOPICAL TERM
Topical term or geographic name entry element SAND AND GRAVEL
690 ## - LOCAL SUBJECT ADDED ENTRY--TOPICAL TERM (OCLC, RLIN)
Topical term or geographic name as entry element MINING AND MINERALS
942 ## - ADDED ENTRY ELEMENTS (KOHA)
Suppress in OPAC 0
948 ## - LOCAL PROCESSING INFORMATION (OCLC); SERIES PART DESIGNATOR (RLIN)
c (OCLC) 04/03/1997
Holdings
Withdrawn status Lost status Source of classification or shelving scheme Damaged status Not for loan Home library Current library Shelving location Date acquired Total Checkouts Full call number Barcode Date last seen Copy number Price effective from Koha item type
    Dewey Decimal Classification     London London Journal article 14/09/1999   ABS43713 43147-1001 06/08/2019 1 06/08/2019 Journal article